| 000 | 02210cam a2200373 a 4500 | ||
|---|---|---|---|
| 001 | 16548509 | ||
| 005 | 20110504172627.0 | ||
| 008 | 101122s2011 nyu 000 0deng | ||
| 010 | _a 2010046042 | ||
| 020 | _a1451625510 | ||
| 020 | _a9781451625516 | ||
| 035 | _a(OCoLC)ocn683247682 | ||
| 040 |
_aDLC _cDLC _dIG# _dUPZ _dZPX _dBTCTA _dFN4 _dYDXCP _dORX _dBWX _dDLC |
||
| 042 | _apcc | ||
| 050 | 0 | 0 |
_aBF637.S4 _bB3957 2011 |
| 082 | 0 | 0 |
_a158.1 _222 _bBEC |
| 100 | 1 |
_aBeck, Glenn. _925538 |
|
| 245 | 1 | 4 |
_aThe 7 : _bSeven Wonders that will Change Your Life / _cGlenn Beck and Keith Ablow. |
| 246 | 3 | _aSeven | |
| 260 |
_aNew York : _bThreshold Editions/Mercury Radio Arts, 2011 _c2011. |
||
| 300 |
_a289 p. ; _c22 cm. |
||
| 505 | 0 | _aGlenn: a personal note -- Keith: the how, why and way of this book -- Glenn: my darkest moment -- Keith: the first wonder : courage -- Glenn: has god forsaken me? -- Keith: the second wonder : faith -- Glenn: why can't i just wish it away? -- Keith: the third wonder : truth -- Glenn: isn't there anyone to hate? -- Keith: the fourth wonder : compassion -- Glenn: I called you my friends -- Keith: the fifth wonder : friendship -- Glenn: isn't it my life, period? -- Keith: the sixth wonder : family -- Glenn: what do I know without having to think so much about it? -- Keith: the seventh wonder : common sense -- Helping others to heal -- Leading with the seven wonders. | |
| 520 | _aRadio and television personality and #1 bestselling author Beck, together with psychiatrist Ablow, shares the inspirational story of the seven simple principles that changed Beck's life. | ||
| 600 | 1 | 0 |
_aBeck, Glenn. _925539 |
| 600 | 1 | 0 |
_aAblow, Keith R. _925540 |
| 650 | 0 |
_aSelf-actualization (Psychology) _925541 |
|
| 650 | 0 |
_aSelf-realization. _925542 |
|
| 650 | 0 |
_aConduct of life. _925543 |
|
| 653 |
_bENG _cJune2011 _bGeneral _cJune2011 |
||
| 700 | 1 |
_aAblow, Keith R. _925544 |
|
| 942 |
_2ddc _cBB |
||
| 999 |
_c15635 _d15635 |
||